00728nam a2200205Ia 4500003000900000008004100009020002200050040001600072080001900088100002200107245011800129260003200247300001400279650002200293650002900315650001700344942000700361999001700368952013700385IN-BaIIA211028s9999 xx 000 0 eng d a978-0-465-00936-7 cIIA Library a523.4-126bBOS aBoss, Alan933278 4aThe crowded Universes: the search for living planetscAlan Boss  aNew YorkbBasic Booksc2009 aix, 227p. aExobiology920584 aExtrasolar planet933279 aPlanets9971 cBK c17596d17596 00104070aBANbBANcGENd2010-01-09eSSB g1295.00l0o523.4-126/ BOSp18518r2021-11-05v1295.00w2010-01-09yBKGRs. 1295.00